| 000 | 00377nam a2200133Ia 4500 | ||
|---|---|---|---|
| 008 | 210210b1978 xxu||||| |||| 00| 0 eng d | ||
| 082 | _a338.954 THAI | ||
| 100 | _aTHAKUR (Shrinivas Y). | ||
| 245 | _aIndian economic development: retrospect & prospect. | ||
| 260 |
_aND _bSterling Publishers Pvt Ltd _c1978 |
||
| 300 | _aviii,180 | ||
| 690 | _aIndian Economics | ||
| 906 | _a034719 | ||
| 999 |
_c85323 _d85323 |
||